| 000 | 00949nam a2200265 i 4500 | ||
|---|---|---|---|
| 001 | 7468 | ||
| 003 | ES-MaACL | ||
| 005 | 20250902063048.0 | ||
| 007 | t| | ||
| 008 | 910122s1990 sp |||| | spa d | ||
| 020 | _a84-313-1092-8 | ||
| 080 | _a322(8.03)"15/17" | ||
| 100 | 1 |
_aSánchez Bella, Ismael. _9102489 |
|
| 245 | 1 | 0 |
_aIglesia y Estado en la América española / _cIsmael Sánchez Bella. |
| 260 |
_aPamplona : _bEdiciones Universidad de Navarra, _c1990. |
||
| 300 |
_a332 p. ; _c23 cm. |
||
| 490 | 1 |
_aColección historia de la Iglesia (Universidad de Navarra) ; _v16 _9225147 |
|
| 504 | _aBibliografía: p. 321-332. | ||
| 650 | 1 | 7 |
_aIglesia y Estado- _zAmérica española _9157352 |
| 650 | 4 |
_aRegalismo- _zAmérica española- _vHistoria. _9168012 |
|
| 830 | 0 |
_aColección historia de la Iglesia (Universidad de Navarra) ; _v16 _9225147 |
|
| 852 |
_aES-MaACL _jL-14749 _z- Enc. cart. |
||
| 942 | _2udc | ||
| 999 |
_c7468 _d7468 |
||